000 00412nam a2200133Ia 4500
005 20260328101527.0
008 260328s9999||||xx |||||||||||||| ||und||
100 _aOleas Serrano, Diego
245 0 _aCasas y Arquitectos Modernos en Quito :
_b Una generación referencial /
_cDiego Oleas Serrano
260 _bUniversidad San Francisco de Quito
300 _a239 p.
650 _aARQUITECTURA REGIONAL
942 _cBK
999 _c9822
_d9822